[Event "Pfalz-ch Seniors 86th"]
[Site "Wolfstein"]
[Date "2017.04.15"]
[Round "7"]
[White "Mang, Willi"]
[Black "Boehm, Manfred"]
[Result "0-1"]
[WhiteElo "1424"]
[BlackElo "1718"]
[PlyCount "92"]
[EventDate "2017.04.07"]
[EventType "swiss"]
[EventRounds "7"]
[EventCountry "GER"]
[SourceTitle "EXT 2018"]
[Source "ChessBase"]
[SourceDate "2017.10.13"]
[SourceVersion "1"]
[SourceVersionDate "2017.10.13"]
[SourceQuality "1"]

1. d4 d5 2. Nc3 e6 3. a3 Nf6 4. Bf4 a6 5. Nf3 Nbd7 6. e3 c5 7. Be2 Be7 8. 0-0 0-0 9. Re1 cxd4 10. exd4 Re8 11. Bd3 Nf8 12. h3 Bd7 13. Ne5 Rc8 14. Rb1 Bc6 15. Re3 Bd6 16. Rg3 Ng6 17. Bxg6 hxg6 18. Rd3 Bxe5 19. dxe5 Nh7 20. Ne4 Rf8 21. Be3 b6 22. c4 Qh4 23. Ng3 dxc4 24. Rd4 Qe7 25. Rxc4 Qb7 26. f3 Rfd8 27. Qe1 b5 28. Rcc1 Bd5 29. Rxc8 Rxc8 30. Rc1 Rxc1 31. Bxc1 f6 32. exf6 gxf6 33. Qc3 Qc6 34. Qxc6 Bxc6 35. Ne2 e5 36. Kf2 Kf7 37. Ke3 Nf8 38. Bd2 Ne6 39. Bb4 Nc7 40. Nc3 Ke6 41. b3 f5 42. g3 Kf6 43. a4 Ne6 44. axb5 axb5 45. h4 Nd4 46. f4 Nc2+ 0-1